All Rosalía Songs - Statistics

General Stats
  • This quiz has been taken 534 times
    474 since last reset
  • The average score is 39 of 75
Answer Stats
Answer % Correct
BESO ft. Rauw Alejandro
91%
MOTOMAMI
89%
MALAMENTE
87%
VAMPIROS ft. Rauw Alejandro
87%
SAOKO
86%
LA FAMA ft. The Weeknd
83%
CANDY
81%
CHICKEN TERIYAKI
80%
DESPECHÁ
79%
SAKURA
78%
LA COMBI VERSACE ft. Tokischa
77%
COMO UN G
74%
BAGDAD
73%
CUUUUuuuuuute
73%
HENTAI
73%
BIZCOCHITO
72%
PIENSO EN TU MIRÁ
72%
Abcdefg
71%
BULERÍAS
69%
Con Altura ft. J Balvin, El Guincho
69%
G3 N15
68%
DI MI NOMBRE
67%
PROMESA ft. Rauw Alejandro
67%
DIABLO
66%
A NINGÚN HOMBRE
64%
TKN ft. Travis Scott
61%
Catalina
60%
DELIRIO DE GRANDEZA
60%
Linda ft. Tokischa
58%
CHIRI
57%
QUE NO SALGA LA LUNA
56%
LLYLM
55%
DE AQUÍ NO SALES
53%
TUYA
53%
Aute Cuture
52%
NANA
52%
A Palé
51%
LAX
51%
AISLAMIENTO
49%
Dolerme
49%
LA NOCHE DE ANOCHE ft. Bad Bunny
49%
CANDY-Remix ft. Chencho Corleone
48%
LA KILIÉ
48%
Juro Que
47%
Lo Vas A Olvidar ft. Billie Eilish
47%
Yo x Ti, Tu x Mi
46%
Brillo ft. J Balvin
43%
MALDICIÓN
43%
RENIEGO
43%
De Plata
42%
Milionària
42%
PRESO
40%
LA FAMA-Live
39%
Aunque Es De Noche
37%
Antes de Morirme ft. C. Tangana
36%
Thank Yu :)
36%
Besos Moja2 ft. Wisin & Yandel
33%
La Hija De Juan Simón
32%
Barefoot In The Park ft. James Blake
31%
I See A Darkness
31%
Si Tú Supieras Compañero
31%
Día 14 De Abril
29%
Dio$ No$ Libre Del Dinero
29%
El Pañuelo ft. Romeo Santos
28%
Relación (Remix) ft. Sech, Daddy Yankee, J Balvin, Farruko
28%
HIGHEST IN THE ROOM-REMIX ft. Travis Scott, Lil Baby
26%
Que Se Muere Que Se Muere
26%
KLK ft. Arca
25%
Blinding Lights (Remix) ft. The Weeknd
23%
El Redentor
23%
Nos Quedamos Solitos
23%
Por Mi Puerta No Lo Pasen
23%
Te Venero
23%
Por Castigarme Tan Fuerte
19%
Seguiriya Madre ft. Niño de Elche
5%
No matching quizzes found
Score Distribution
Percent of People with Each Score
Percentile by Number Answered
Your Score History
You have not taken this quiz since the last reset